| 000 | 011480am a2200253 004500 | ||
|---|---|---|---|
| 003 | EG-GiCUC | ||
| 008 | 080806s1954 ua g 000 0 ara d | ||
| 040 |
_aEG-GiCUC _bara _cEG-GiCUC |
||
| 092 | 0 | 4 |
_a625.266 _bL191 _221 |
| 099 |
_a04 _a625.266 L191 |
||
| 110 | 2 | _aاللجنة الدولية للجر بالديزل لقطارات السكك الحديدية | |
| 245 | 1 | 2 |
_aالجر بالديزل فى السكك الحديدية ومقارنته بالجر بالبخار والجر بالكهرباء / _cتقرير اللجنة الدولية للجر بالديزل لقطارات السكك الحديدية |
| 260 |
_aالقاهرة : _bسكك حديد مصر : _c1960 |
||
| 300 |
_a203ص ؛ _c24سم |
||
| 504 | _aيشتمل على ارجاعات ببليوجرافية | ||
| 650 | 7 |
_aالقاطرات البخارية _2qrmak |
|
| 650 | 7 |
_aالقاطرات الكهربائية _2qrmak |
|
| 650 | 7 |
_aقاطرات الديزل _2qrmak |
|
| 902 | _a1 | ||
| 905 |
_aجمال _eمدخل |
||
| 905 |
_aمنى _eمراجع |
||
| 942 |
_2ddc _cBK |
||
| 999 |
_c101618 _d101618 |
||